000 00448nam a2200169Ia 4500
008 131103s9999 xx 000 0 und d
040 _aLoreto College
041 _aEnglish
082 _aMIS/ROM
_bLCBED/9231
245 _aBy the way thoughts and reflections
_cedited by Henry Rohr
260 _aMelbourne
_bSpectrum
_c[19?]
300 _a pic.
_c 20cm.
650 _aMis
700 _aRohr, Henry; ed.
850 _aLCBED/MIS/ROM
942 _cBK
999 _c34291
_d84770